000 00945nam a2200289 a 4500
001 BRCA_5232
005 20190320205009.0
008 750918s1941 nyua######---#000-0#eng-#
041 _aeng
044 _anyu
050 4 _aNK7114
_b.A53 2 1941
100 1 _aAnderson, Lawrence
_913251
245 1 0 _aEl arte de la platería en México
_b1519-1936
_cpor Lawrence Anderson.
260 _aNueva York
_bOxford University
_c1941
300 _a2 v.
_bil., 183 láminas
_c30 cm.
500 _aIncluye 2 apéndices, índice alfabético e índice de ilustraciones
500 _aEstado físico: Sobrecubierta deteriorada
500 _aVer también DD72
500 _aDD73
504 _aBibliografia: p. 451-472 (v.1)
505 0 _aContenido: v.1. Texto. -- v.2. Láminas
650 1 4 _aPlatería
_zMéxico
_93073
650 1 4 _aOrfebrería
_zMéxico
_913400
650 1 4 _aMarcas del contraste
_xPlatería
_913401
902 _aGFM
942 _2lcc
_cB
999 _c4926
_d4926